UBT Library

I fluid and blood componenet therapy in the critically ill and injured (Record no. 52353)

000 -LEADER
fixed length control field 00372nam a22001457a 4500
008 - FIXED-LENGTH DATA ELEMENTS--GENERAL INFORMATION
fixed length control field 181122b xxu||||| |||| 00| 0 eng d
020 ## - INTERNATIONAL STANDARD BOOK NUMBER
International Standard Book Number 0443081298
041 ## - LANGUAGE CODE
Language code of text/sound track or separate title eng
080 ## - UNIVERSAL DECIMAL CLASSIFICATION NUMBER
Universal Decimal Classification number 610.73
082 ## - DEWEY DECIMAL CLASSIFICATION NUMBER
Classification number 610.73
100 ## - Rafti
Rafti 1
101 ## - Shkurtesa
Shkurtesa INF
245 ## - TITLE STATEMENT
Title I fluid and blood componenet therapy in the critically ill and injured
Statement of responsibility, etc Ellerdbe.S
942 ## - ADDED ENTRY ELEMENTS (KOHA)
Source of classification or shelving scheme
Item type Books
Holdings
Withdrawn status Lost status Source of classification or shelving scheme Damaged status Not for loan Collection code Permanent location Current location Shelving location Date acquired Total Checkouts Full call number Barcode Date last seen Price effective from Koha item type
          Koleksioni i përgjithshem UBT - Lipjan UBT - Lipjan Koleksioni i përgjithshem 11/22/2018   610.73 EllE 002-3019566 11/22/2018 11/22/2018 Books
UBT Library © 2015-2024. All rights reserved University Education for Business and Technology